| 000 | 00745nam a2200253Ia 4500 | ||
|---|---|---|---|
| 003 | OSt | ||
| 005 | 20220918164509.0 | ||
| 006 | a|||||r|||| 00| 0 | ||
| 007 | ta | ||
| 008 | 220917b |||||||| |||| 00| 0 eng d | ||
| 020 |
_a0631209581 (pbk) _c961.31 |
||
| 024 | _a236,587 | ||
| 037 |
_b3086, 07/11/2008, Bharat Scientific Syndicate _cTextual |
||
| 040 |
_aARTS _cARTS _beng |
||
| 041 |
_2eng _aeng |
||
| 082 | _aV74.J, N6 | ||
| 100 |
_aSmith Michael E. _919185 |
||
| 245 | 0 | _aAztecs | |
| 260 |
_aMalden _bBlackwell Publishers USA _c1996 |
||
| 300 |
_axviii, 359p. _ccm. |
||
| 650 | _aHISTORY | ||
| 942 |
_hV74.J, N6 _cTEXL _2CC |
||
| 999 |
_c125040 _d125040 |
||